00752 2200229 4500001002100000005001700021008004100038035002400079082001200103090002200115100004600137245013700183260003000320300002400350650007000374850001200444980001500456985000600471999001500477999001500492999001500507YOGYA-0209000002738620090227024134.0 ind  0010-020900000027386 a342.068 a342.068bInd TlR aINDONESIA [Undang-undang, peraturan dsb.] aTunjangan perbaikan penghasilan dan tunjangan jabatan struktural, fungsional bagi pegawai negeri sipil, pejabat negeri dan pensiunan aJakartabCipta Jayac2000 axii, 255 hlmc21 cm aPegawai Negeri - Gaji, Tunjangan, undang-undang dan perturan, dsb aYOPDYOG a14-03-2007 a3 a06A0020303 a06A0020304 a06A0020305